Découvrez l'oenoturisme : Barcelone c'est bienplus Barcelone c'est bienplus
Descripción Física:
23 pàgines : il·lustracions ; 24 cm
Materias:
Enoturisme -- Guies -- Barcelona (Província)
; Barcelona (Catalunya : Província) -- Descripcions i viatges
Idioma:
Catalán
MARC
| LEADER | 00000nam a2200000 a 4500 | ||
|---|---|---|---|
| 001 | 25622 | ||
| 008 | 220524b spa||||| |||| 00| 0 cat d | ||
| 017 | |a DL B 12740-2017 | ||
| 080 | |a FU-69-67 | ||
| 245 | |a Découvrez l'oenoturisme : |b Barcelone c'est bienplus | ||
| 260 | |a Barcelona : |b Diputació de Barcelona, |c 2017 | ||
| 300 | |a 23 pàgines : |b il·lustracions ; |c 24 cm | ||
| 650 | 0 | |a Enoturisme |v Guies |z Barcelona (Província) | |
| 651 | 0 | |a Barcelona (Catalunya : Província) |x Descripcions i viatges |9 52924 | |
| 710 | 1 | |a Barcelona (Catalunya : Província). |b Diputació |9 52408 | |
| 710 | 2 | |9 51684 |a Barcelone, c'est bien plus |e Marca turística | |
| 901 | |a Arxiu | ||
| 942 | |n 1 |2 udc | ||
| 952 | |0 0 |1 0 |4 0 |6 FU6967 |7 1 |9 62005 |a Arxiu |b Arxiu |d 2022-05-24 |l 0 |o FU-69-67 |p 25622 |r 2022-05-24 00:00:00 |w 2022-05-24 |y ARXIU | ||
| 999 | |c 81723 |d 81723 | ||